000 00227nam a2200097Ia 4500
100 _aNathan Winter
250 _a2012 Ed.
942 _cBK
245 _aMastering Microsoft lync Server 2010
260 _aWiley India Ltd. New Delhi
999 _c423770
_d423770